| 000 | 01017cam a22002651 4500 | ||
|---|---|---|---|
| 001 | ne 65001240 | ||
| 003 | DLC | ||
| 005 | 20260227111814.0 | ||
| 008 | 900509s1964 iq b 000 0 arar | ||
| 010 | _ane 65001240 | ||
| 035 | _a(OCoLC)21502412 | ||
| 040 |
_aDLC _cWaU _dDLC |
||
| 042 | _apremarc | ||
| 050 | 0 | 0 |
_aML108.M175 _bM3 |
| 100 | 1 | _aMaḥfūẓ, Ḥusayn ʻAlī. | |
| 245 | 1 | 0 |
_aMuʻjam al-mūsīqá al-ʻArabīyah, _ctaʼlīf Ḥusayn ʻAlī Maḥfūẓ. |
| 260 |
_aBaghdād, _bWizārat al-Thaqāfah wa-al-Irshād, Mudīrīyat al-Thaqāfah al-ʻĀmmah, _c1964. |
||
| 300 |
_a224 p. _c24 cm. |
||
| 440 | 0 |
_aSilsilat al-kutub al-ḥadīthah, _v2 |
|
| 500 | _aAdded t. p.: Dictionary of Arabic musical terms, by Husain Ali Mahfuz. | ||
| 500 | _a"Sudira bi-Munāsabat Inʻiqād al-Muʼtamar al-Duwalī lil-Mūsīqá al-ʻArabīyah bi-Baghdād... 28 Tishrīn al-Thānī 1964" | ||
| 504 | _aBibliography: p. 199-212. | ||
| 650 | 0 |
_aMusic _xTerminology. |
|
| 650 | 0 |
_aArabic language _vTerms and phrases. |
|
| 999 |
_c48196 _d48196 |
||